Learning Support: Presidential Oath Quiz Stats

 Plays Quiz not verified by Sporcle

Support Sporcle.
Go Orange.
Score 0/6 Timer 00:45
0 Plays Today
Question Answer Wrong Answers
I do solemnly ___ that ???
99.8%
???
0%
???
0%
???
0%
I will faithfully ___ ???
63.5%
???
6.5%
???
2.8%
???
22.6%
the ___ of President of the United States, ???
46.6%
???
1.9%
???
5%
???
10.8%
and will to the best of my ___, ???
44.4%
???
1.1%
???
0.1%
???
1.5%
preserve, protect and ___ ???
41.5%
???
0.4%
???
1.3%
???
1.1%
the ___ of the United States. ???
36.4%
???
0.4%
???
5%
???
0.1%

You're not logged in!

Compare scores with friends on all Sporcle quizzes.
OR
Log In

From the Vault

Second 'L' Countries

by sproutcm

Without 'L', the world is just a word.
Remove Ads.
Support Sporcle.
Get the best of Sporcle when you Go Orange. This ad-free experience offers more features, more stats, and more fun while also helping to support Sporcle. Thank you for becoming a member.

Show Comments

Extras

Top Quizzes Today


Score Distribution

Your Account Isn't Verified!

In order to create a playlist on Sporcle, you need to verify the email address you used during registration. Go to your Sporcle Settings to finish the process.

Report this User

Report this user for behavior that violates our Community Guidelines.

Details: